[Event "SVK-chT5 SE-SI 2122"]
[Site "Slovakia"]
[Date "2022.02.12"]
[Round "3.3"]
[White "Drabek, Pavel"]
[Black "Romanova, Ema"]
[Result "1-0"]
[WhiteElo "1057"]
[BlackElo "1054"]
[PlyCount "79"]
[EventDate "2021.11.06"]
[EventType "team-tourn"]
[EventRounds "9"]
[EventCountry "SVK"]
[SourceTitle "EXT 2024"]
[Source "ChessBase"]
[SourceDate "2023.10.10"]
[SourceVersion "1"]
[SourceVersionDate "2023.10.10"]
[SourceQuality "1"]
[WhiteTeam "Petrova Ves II"]
[BlackTeam "Skalica III"]
[WhiteTeamCountry "SVK"]
[BlackTeamCountry "SVK"]

1. Nf3 d5 2. d4 Nf6 3. Nc3 Bf5 4. e3 e6 5. Ne5 Nbd7 6. f3 Bd6 7. f4 Ne4 8. Nxe4 Bxe4 9. c4 Nxe5 10. fxe5 Qh4+ 11. g3 Bb4+ 12. Bd2 Bxd2+ 13. Qxd2 Qh6 14. Rg1 c6 15. cxd5 exd5 16. h4 0-0 17. 0-0-0 Rac8 18. b4 b6 19. Kb2 c5 20. Rc1 cxd4 21. Qxd4 Rxc1 22. Kxc1 Rc8+ 23. Kb2 Qg6 24. Ka3 Rc2 25. b5 Qe6 26. Bd3 Qe7+ 27. Kb3 Bxd3 28. Qxd3 Qc7 29. Qxc2 Qxc2+ 30. Kxc2 Kf8 31. Rd1 Ke7 32. Rxd5 Ke6 33. Rd8 Kxe5 34. Re8+ Kf5 35. Kd3 Kg4 36. Re7 g6 37. Rxf7 Kxg3 38. Rxh7 Kg4 39. e4 Kf4 40. a4 1-0

[Event "SVK-chT5 1718"]
[Site "Slovakia"]
[Date "2017.10.21"]
[Round "1"]
[White "Romanova, Ema"]
[Black "Hyza, Richard"]
[Result "1/2-1/2"]
[WhiteElo "1000"]
[BlackElo "1374"]
[PlyCount "49"]
[EventDate "2017.10.21"]
[EventType "team-tourn"]
[EventRounds "9"]
[EventCountry "SVK"]
[SourceTitle "EXT 2019"]
[Source "ChessBase"]
[SourceDate "2018.10.10"]
[SourceVersion "1"]
[SourceVersionDate "2018.10.10"]
[SourceQuality "1"]
[WhiteTeam "Skalica IV"]
[BlackTeam "Gbely Nafta IV"]
[WhiteTeamCountry "SVK"]
[BlackTeamCountry "SVK"]

1. e4 e5 2. Nf3 Nc6 3. Bb5 Nf6 4. Nc3 Bc5 5. d3 d6 6. Bg5 Bg4 7. Bxc6+ bxc6 8. 0-0 0-0 9. a4 a6 10. Bh4 Rb8 11. b3 Bd4 12. Qe1 Qd7 13. Nxd4 exd4 14. Bxf6 gxf6 15. Na2 f5 16. Qc1 Qe6 17. f3 Bh5 18. Qg5+ Qg6 19. Qxf5 Qxf5 20. exf5 f6 21. Rae1 Rbe8 22. Nb4 Rxe1 23. Rxe1 Re8 24. Rxe8+ Bxe8 25. Nxa6 1/2-1/2